00841nam a2200229 a 450000100100000000500170001000800410002702000150006804000250008308200180010810000350012624500380016126000480019930000240024749000140027165000300028565000320031504900090034795201160035695201220047299900170059400001881920200929165849.0100519s1996 ve r 001 p spa d a980325121X aDO-SdBNPbspacBNPHU aV861.44bJ25s1 aJaimes, Héctord1964-94057310aSalvoconducto /cHéctor Jaimes. aCaracas :bFondo Editorial Tropykos,c1996. a74 [2] p. ;c19 cm.1 aPariav11 4aPoesía venezolana94230 4aLiteratura venezolana93816 aBNGR 001050718MOaGRbGRcHDd2010-05-19iLF1l0oV861.44 J25sp18819-10r2020-06-25w2020-06-25y1ZNo se presta 001050718MOaGRbGRcHDd2017-04-05iLF1l0oV861.44 J25sp18819-20r2020-06-25te. 2w2020-06-25y1ZNo se presta c18339d18339